| 000 | 00000nam##2200000za#4500 |
| 001 | 9.647852 |
| 003 | CaOODSP |
| 005 | 20240209132410 |
| 007 | ta |
| 008 | 150407|2000||||xxc||||| f|0| 0 eng|d |
| 020 | |a0-662-29285-5 |
| 040 | |aCaOODSP|beng |
| 043 | |an-cn--- |
| 086 | 1 |aC89-4/71-2000E |
| 110 | 2 |aAtlantic Canada Opportunities Agency. |
| 245 | 10|aUniversity-based business counselling internship pilot program / |cPrepared by the Acadia Center for Small Business & EntrePreneurship. |
| 260 | |aMoncton - New Brunswick : |bAtlantic Canada Opportunities Agency |c2000. |
| 300 | |a13p. ; |c28 cm. |
| 500 | |aIncludes appendix. |
| 563 | |aProcessed |
| 590 | |a00-42|b2000-10-20 |
| 690 | 07|aSmall businesses|2gcpds |
| 690 | 07|aInternships|2gcpds |
| 690 | 07|aProfessional development|2gcpds |
| 775 | 08|tProgramme pilote de stages de conseillers auprès de la petite entreprise offerts en milieu universitaire / |w(CaOODSP)9.681231 |
| 776 | 0#|tFinal report - University-Based Business Counselling Internship Pilot Program / |w(CaOODSP)9.695224 |